00329nam a2200133Ia 4500008004100000041000800041082001700049100001900066245004700085250000800132260002500140542001500165650001500180220531s9999 xx 000 0 und d aeng a332.658bAGA aAgarwal, M. R. aSecurity Analysis And Portfolio Management a2ND aJaipurbGarimac2011 d23-03-2011 aManagement